Ryby - snadno a rychle /

Hlavní autor: Adam, Cornelia
Další autoři: Ondrášek, Tomáš, 1955-
Jazyk: Čeština
Vydáno: Praha : Svojtka a Vašut, 1992
Vydání: 1. české vydání
Témata:
Fyzický popis: 35 stran : barevné ilustrace ; 18 cm
Knihy
Uloženo v:
LEADER 01228nam a22003612i 4500
001 001529624
003 CZ BrMZK
005 20160929143643.0
007 ta
008 160603s1992 xr er|||||||||||cze d
015 |a cnb000073105 
020 |a 80-85521-24-5  |q (brožováno) :  |c Kčs 24,90 
035 |a (OCoLC)39600495 
040 |a BOA001  |b cze  |e rda 
041 1 |a cze  |h ger 
080 |a 641/642  |2 MRF 
100 1 |a Adam, Cornelia  |7 mzk2002164317  |4 aut 
240 1 0 |a Fisch - leicht gemacht.  |l Česky 
245 1 0 |a Ryby - snadno a rychle /  |c Cornelia Adam ; z němčiny [přeložil] Tomáš Ondrášek 
250 |a 1. české vydání 
264 1 |a Praha :  |b Svojtka a Vašut,  |c 1992 
300 |a 35 stran :  |b barevné ilustrace ;  |c 18 cm 
336 |a text  |b txt  |2 rdacontent 
337 |a bez média  |b n  |2 rdamedia 
338 |a svazek  |b nc  |2 rdacarrier 
650 0 7 |a rybí jídla  |7 ph116095  |2 czenas 
655 7 |a kuchařské recepty  |7 fd132687  |2 czenas 
655 7 |a příručky  |7 fd133209  |2 czenas 
700 1 |a Ondrášek, Tomáš,  |d 1955-  |7 mzk2004208453  |4 trl 
910 |a BOA001  |b X-0987.924 
990 |a BK 
991 |b 201605 
996 6 |b BC-1644193  |c X-0987.924  |l MZK  |r Sklad / do 24 hodin  |n 0  |w 001564758  |u 000010  |a 1  |e BOA001  |j MZK50  |s P